It's not the big that eat the small... it's the fast that eat the slow : (Record no. 14135)

000 -LEADER
fixed length control field 00807nam a22002177a 4500
008 - FIXED-LENGTH DATA ELEMENTS--GENERAL INFORMATION
fixed length control field 160927b xxu||||| |||| 00| 0 eng d
020 ## - INTERNATIONAL STANDARD BOOK NUMBER
International Standard Book Number 0066620538
020 ## - INTERNATIONAL STANDARD BOOK NUMBER
International Standard Book Number 9780066620534
050 ## - LIBRARY OF CONGRESS CALL NUMBER
Classification number HD 30.28
Item number .J46 2001
100 ## - MAIN ENTRY--PERSONAL NAME
Personal name Jennings, Jason
245 ## - TITLE STATEMENT
Title It's not the big that eat the small... it's the fast that eat the slow :
Remainder of title how to use speed as a competitive tool in business/
Statement of responsibility, etc. Jason Jennings and Laurence Haughton.
260 ## - PUBLICATION, DISTRIBUTION, ETC. (IMPRINT)
Place of publication, distribution, etc. New York :
Name of publisher, distributor, etc. Harper-Collins Publishers ;
Date of publication, distribution, etc. 2001.
300 ## - PHYSICAL DESCRIPTION
Extent vii, 262p. :
Other physical details ill. ;
Dimensions 23cm.
500 ## - GENERAL NOTE
General note Includes index.
650 ## - SUBJECT ADDED ENTRY--TOPICAL TERM
Topical term or geographic name as entry element Strategic planning.
650 ## - SUBJECT ADDED ENTRY--TOPICAL TERM
Topical term or geographic name as entry element Competition.
650 ## - SUBJECT ADDED ENTRY--TOPICAL TERM
Topical term or geographic name as entry element Time
General subdivision economic aspects.
650 ## - SUBJECT ADDED ENTRY--TOPICAL TERM
Topical term or geographic name as entry element Creative ability in business.
700 ## - ADDED ENTRY--PERSONAL NAME
Personal name Haughton, Laurence
942 ## - ADDED ENTRY ELEMENTS (KOHA)
Source of classification or shelving scheme
Koha item type Hard Covered Materials
Classification part HD 30.28 .J46 2001
Holdings
Withdrawn status Lost status Source of classification or shelving scheme Damaged status Not for loan Home library Current library Shelving location Date acquired Source of acquisition Total Checkouts Full call number Barcode Date last seen Price effective from Koha item type
          MACHAKOS UNIVERSITY LIBRARY MACHAKOS UNIVERSITY LIBRARY Open shelf 27/09/2016 Donation(BFA)   HD 30.28 .J46 2001 25638 07/06/2019 27/09/2016 Hard Covered Materials
© Machakos University Library, Along The Highway, Machakos Wote Rd, Machakos, Kenya P.O. Box 136 - 90100 Machakos - Kenya

Tel: ( +254 ) 723 805829 OR Fax : 044-20353 OR Email: library@mksu.ac.ke